Statistics for Russian Foods By Picture

Click here to take the quiz!

General Stats

  • This quiz has been taken 28 times
  • The average score is 2 of 5

Answer Stats

Answer% Correct
Borscht
100%
Pelmeni
52%
Okroshka
29%
Vinegret
24%
Shchi
14%

Score Distribution

Percentile by Number Answered

Percent of People with Each Score

Your Score History

You have not taken this quiz